Математическая модель устойчивости инвестиционного проекта; Природные ресурсы в XXI веке: экономика, управление, инновации

Dades bibliogràfiques
Parent link:Природные ресурсы в XXI веке: экономика, управление, инновации.— 2010
Autor principal: Мачина С. В.
Sumari:Заглавие с экрана.
Idioma:rus
Publicat: 2010
Matèries:
Accés en línia:http://www.lib.tpu.ru/fulltext/v/Conferences/2010/K01/p45.pdf
Format: MixedMaterials Electrònic Capítol de llibre
KOHA link:https://koha.lib.tpu.ru/cgi-bin/koha/opac-detail.pl?biblionumber=203661

MARC

LEADER 00000naa2a2200000 4500
001 203661
005 20260127120655.0
035 |a (RuTPU)RU\TPU\book\221951 
035 |a RU\TPU\book\221946 
090 |a 203661 
100 |a 20111110d2010 k y0rusy50 ca 
101 0 |a rus 
102 |a RU 
135 |a drnn ---uucaa 
181 0 |a i  
182 0 |a b 
200 1 |a Математическая модель устойчивости инвестиционного проекта  |f С. В. Мачина 
203 |a Текст  |c электронный 
215 |a 1 файл (74 Кб) 
300 |a Заглавие с экрана. 
337 |a Adobe Reader 
463 1 |0 (RuTPU)RU\TPU\book\221406  |t Природные ресурсы в XXI веке: экономика, управление, инновации  |o сборник трудов Международной научно-практической конференции (Томск, 28-29 октября 2010 г.)  |f Национальный исследовательский Томский политехнический университет (ТПУ), Институт природных ресурсов (ИПР)  |d 2010 
610 1 |a инвестиционные проекты 
610 1 |a математические модели 
610 1 |a горно-геологические проекты 
610 1 |a оценка 
610 1 |a электронный ресурс 
700 1 |a Мачина  |b С. В. 
801 1 |a RU  |b 63413507  |c 20111107 
801 2 |a RU  |b 63413507  |c 20111110  |g RCR 
856 4 |u http://www.lib.tpu.ru/fulltext/v/Conferences/2010/K01/p45.pdf 
942 |c CF